00994pam a2200289 a 4500001000700000003000400007005001700011008004100028010001700069020001500086040001700101043001200118050002400130082002100154100002100175245011800196250001200314260003900326300003300365504006400398650004400462650004700506650002900553650006100582650004200643700001900685726046OSt20211202090707.0980504s1998 maua b 001 0 eng  a 98022408  a0205275281 aDLCcHUdDLC an-us---00aLC1099.3b.T54 199900a370.117/09732211 aTiedt, Pamela L.10aMulticultural teaching :ba handbook of activities, information, and resources /cPamela L. Tiedt, Iris M. Tiedt. a5th ed. aBoston :bAllyn and Bacon,cc1999. axi, 432 p. :bill. ;c24 cm. aIncludes bibliographical references (p. 371-418) and index. 0aMulticultural educationzUnited States. 0aCross-cultural orientationzUnited States.00aTeachingzUnited States.00aEducation, ElementaryxActivity programszUnited States. 0aTeachersxTraining ofzUnited States.1 aTiedt, Iris M.